Capybaras A-Z - Statistics

General Stats
  • This quiz has been taken 20 times
  • The average score is 8 of 18
Answer Stats
Hint Answer % Correct
B Country with the most capybaras Brazil
86%
A They can survive and even sleep mostly underwater making them Semi-{Aquatic}
86%
H Their diet is mainly grass and aquatic plants, making them Herbivores
79%
J Country with capybara hot spring baths Japan
71%
F Capybaras are autocoprophagous meaning they eat their own Feces
57%
R Capybaras are the largest living animals of this type Rodents
57%
S They are native to this continent South America
57%
U Country with capybaras Uruguay
57%
V Country with capybaras Venezuela
57%
W Their feet are partially ______ which makes swimming easier Webbed
57%
C Big cat and one of the predators of capybaras Cougar
50%
E Ancient capybara species from California now classified as Extinct
29%
G Main species of capybara {Greater} Capybara
21%
P Fish predator of capybaras Piranhas
21%
L Species of capybara found mostly in northern Colombia {Lesser} Capybara
14%
T Language the name capybara comes from Tupi
7%
M Scent gland located on the nose Morrillo
0%
N Gated community disturbed by capybaras and became a meme Nordelta
0%
No matching quizzes found
Score Distribution
Percent of People with Each Score
Percentile by Number Answered
Your Score History
You have not taken this quiz